| 000 | 00724nam a22002057a 4500 | ||
|---|---|---|---|
| 005 | 20170117123045.0 | ||
| 010 | _a ENG-117081 | ||
| 020 |
_a9780199465330 _c875.00 |
||
| 020 |
_a0199465339 _c875.00 |
||
| 035 | _aEN-100613 | ||
| 037 | _bDBAD/PUB | ||
| 082 | _a338.109543 | ||
| 100 | _aRicha Kumar | ||
| 245 |
_aRethinking revolutions : _cby Richa Kumar _bsoyabean, choupals, and the changing countryside in central India / |
||
| 260 |
_bOxford University Press _c2016 _aNew Delhi |
||
| 270 |
_aYMCA Library Building, 1 Jai Singh Road _bNew Delhi _e110001 |
||
| 300 |
_axii,398p. _c22cm(Hb) _bill (maps) |
||
| 500 | _aIncludes bibliographical references and index | ||
| 942 |
_2ddc _cEN _h338.109543 _mRIC |
||
| 999 |
_c105871 _d105871 |
||